000
00332 a2200157 4500
001
195146
020
_a
978-85-08-12053-6
040
_c
Magnum
100
_a
Vieira, Luandino
240
1
0
_a
Contos africanos
_l
por
245
1
0
_a
Contos africanos
300
_a
143
362
0
_a
2009
697
_a
LITERATURA JUVENIL
942
_c
BK
999
_c
195146
_d
195146